000 00600nam a2200229Ia 4500
001 1377
003 GE_BSU
008 181216s||||||||xx |||||||||||||| ||und||
020 _a5225015883
040 _cGE_BSU
080 _a616.89
100 _aЭидемиллер,Э.Г. Юстицкий,В.В.
245 _aСемейная психотерапия
260 _aЛенинград
260 _bМедицина
260 _c1990
300 _a192стр.
541 _h7л.
653 _aПсихотерапия
653 _aСемейная психотерапия
942 _cBK
999 _c35516
_d35516